[Event "Aberto do Brasil Professor Joao Braga"]
[Site "CXSP Sao Paulo"]
[Date "2014.08.03"]
[Round "6.14"]
[White "Santa Isabel, Marivaldo Dos Re"]
[Black "Chagas, Humberto Luiz Cunha"]
[Result "1-0"]
[WhiteElo "1705"]
[BlackElo "1868"]
[PlyCount "93"]
[EventDate "2014.08.01"]

1. e4 e5 2. Nf3 Nf6 3. Nc3 Bc5 4. d4 exd4 5. Nxd4 Bxd4 6. Qxd4 Nc6 7. Qe3 O-O
8. Bd3 Re8 9. O-O d5 10. Qg3 d4 11. Nb5 Nxe4 12. Qxc7 Nf6 13. Qg3 Nh5 14. Qf3
Nf6 15. Bg5 a6 16. Bxf6 gxf6 17. Qg3+ Kh8 18. Nd6 Rf8 19. Qh4 f5 20. Qxd8 Nxd8
21. Nxc8 Rxc8 22. Bxf5 Rc5 23. Bd3 Re5 24. Rfe1 Rfe8 25. Kf1 Nc6 26. f4 Re3 27.
a3 Kg7 28. Re2 Kf6 29. Rae1 Rxe2 30. Rxe2 Rxe2 31. Kxe2 h6 32. Kf3 b5 33. Ke4
Ke6 34. f5+ Kd6 35. g4 Kc5 36. b4+ Kd6 37. h4 f6 38. Be2 d3 39. Bxd3 Ne5 40.
Be2 Nc6 41. c4 bxc4 42. Bxc4 Nb8 43. b5 Kc5 44. bxa6 Kb6 45. a4 Nxa6 46. Bxa6
Kxa6 47. Kd5 1-0

[Event "Aberto do Brasil Professor Joao Braga"]
[Site "CXSP Sao Paulo"]
[Date "2014.08.03"]
[Round "6.18"]
[White "Da Silva, Andressa Muniz"]
[Black "Scardini, Leonardo"]
[Result "1-0"]
[WhiteElo "1471"]
[BlackElo "1557"]
[PlyCount "69"]
[EventDate "2014.08.01"]

1. e4 e5 2. Nf3 Nc6 3. Bc4 Bc5 4. O-O Nf6 5. Nc3 O-O 6. d3 Nd4 7. Nxd4 Bxd4 8.
Qf3 c6 9. Bg5 d6 10. Bxf6 Qxf6 11. Qxf6 gxf6 12. Rab1 b5 13. Bb3 a5 14. a4 Bxc3
15. bxc3 Rb8 16. f4 Bd7 17. fxe5 fxe5 18. Rf6 bxa4 19. Bxf7+ Rxf7 20. Rxb8+ Kg7
21. Rxf7+ Kxf7 22. Ra8 c5 23. Rxa5 Ke7 24. Kf2 Kd8 25. Ke3 Bc6 26. d4 Kc7 27.
dxc5 dxc5 28. Rxc5 Kb6 29. Rxe5 Bb5 30. Rd5 a3 31. Rd1 Bc4 32. Kd4 Be6 33. c4
Ka5 34. Kc3 Ka4 35. Rd8 1-0